00551nam a22001937a 450000500170000001000150001702000260003203500140005803700130007208200130008510000180009824500690011625000120018526000290019727000680022630000260029450000220032070000150034220180216105458.0 aENG-122296 a9789387472334c595.00 aEN-105828 bDBAD/PUB a621.3192 aMahadevan, k. aElectrical circuit analysis /cby K. Mahadevan [and] C. Chitra a2nd ed. aDelhibPHI Learingc2018 aRimjhim House, 111, Patparganj Industrial EstatebDelhie110092 axix, 692p.c23cm(pbk) aIt includes index aChitra, C.